| 000 | 00615nam a22002057a 4500 | ||
|---|---|---|---|
| 003 | BD-DhJNU | ||
| 005 | 20250918072023.0 | ||
| 008 | 250918b |||||||| |||| 00| 0 eng d | ||
| 020 | _a9781800731660 | ||
| 020 | _a9781800731677 | ||
| 040 |
_aBD-DhJNU _bENG _cBD-DhJNU _dBD-DhJNU |
||
| 082 |
_223 _a306.361 |
||
| 100 | _aParkin, Robert | ||
| 245 |
_aHow kinship systems change : _bon the dialectics of practice and classification / _cRobert Parkin |
||
| 260 |
_aNew York : _bBerghahn _c2021. |
||
| 300 |
_aviii, 302 p. : _bill. ; _c23 cm. |
||
| 504 | _aincludes index | ||
| 650 | _aAnthropology | ||
| 942 |
_2ddc _cBK _n0 |
||
| 999 |
_c2136 _d2136 |
||